00373nam a2200121Ia 4500008004100000100002800041245001900069245002900088260000900117856003300126999001900159952007300178160531s9999 xx 000 0 und d aKamps, Bernd Sebastian. aParis by Kamps cby Bernd Sebastian Kamps c2013 uhttp://www.parisbykamps.com/ c295019d295019 001040aCLbCLd2016-05-31l0r2016-05-31 00:00:00w2016-05-31yCBE